A modernist museum in perspective : (Record no. 7692)

000 -LEADER
fixed length control field 01333cam a2200277 a 4500
003 - CONTROL NUMBER IDENTIFIER
control field OSt
005 - DATE AND TIME OF LATEST TRANSACTION
control field 20200317155126.0
008 - FIXED-LENGTH DATA ELEMENTS--GENERAL INFORMATION
fixed length control field 080804s2009 dcua b f101 0 eng
020 ## - INTERNATIONAL STANDARD BOOK NUMBER
International Standard Book Number 9780300121599 (alk. paper)
040 ## - CATALOGING SOURCE
Original cataloging agency DLC
Transcribing agency DLC
Modifying agency BTCTA
-- YDXCP
-- UKM
-- C#P
-- BWX
-- CDX
-- DLC
082 00 - DEWEY DECIMAL CLASSIFICATION NUMBER
Classification number 727.709
Edition number 22
Item number ALO
245 02 - TITLE STATEMENT
Title A modernist museum in perspective :
Remainder of title the East Building, National Gallery of Art /
Statement of responsibility, etc edited by Anthony Alofsin.
260 ## - PUBLICATION, DISTRIBUTION, ETC. (IMPRINT)
Place of publication, distribution, etc Washington [D.C.] :
Name of publisher, distributor, etc National Gallery of Art ;
Place of publication, distribution, etc New Haven :
Name of publisher, distributor, etc Distributed by Yale University Press,
Date of publication, distribution, etc c2009.
300 ## - PHYSICAL DESCRIPTION
Extent 248 p. :
Other physical details ill. (some col.) ;
Dimensions 29 cm.
490 1# - SERIES STATEMENT
Series statement Studies in the history of art,
International Standard Serial Number 0091-7338 ;
Volume number/sequential designation 73.
Series statement Symposium papers ;
Volume number/sequential designation 50
504 ## - BIBLIOGRAPHY, ETC. NOTE
Bibliography, etc Includes bibliographical references and index.
610 20 - SUBJECT ADDED ENTRY--CORPORATE NAME
Corporate name or jurisdiction name as entry element East Building of the National Gallery of Art (Washington, D.C.)
Form subdivision Congresses.
650 #0 - SUBJECT ADDED ENTRY--TOPICAL TERM
Topical term or geographic name as entry element International style (Architecture)
Geographic subdivision Washington (D.C.)
Form subdivision Congresses.
650 #0 - SUBJECT ADDED ENTRY--TOPICAL TERM
Topical term or geographic name as entry element Art museum architecture
Geographic subdivision Washington (D.C.)
Form subdivision Congresses.
651 #0 - SUBJECT ADDED ENTRY--GEOGRAPHIC NAME
Geographic name Washington (D.C.)
General subdivision Buildings, structures, etc.
Form subdivision Congresses.
700 1# - ADDED ENTRY--PERSONAL NAME
Personal name Alofsin, Anthony.
710 2# - ADDED ENTRY--CORPORATE NAME
Corporate name or jurisdiction name as entry element National Gallery of Art (U.S.)
830 #0 - SERIES ADDED ENTRY--UNIFORM TITLE
Uniform title Studies in the history of art (Washington, D.C.) ;
Volume number/sequential designation 73.
830 #0 - SERIES ADDED ENTRY--UNIFORM TITLE
Uniform title Studies in the history of art (Washington, D.C.).
Name of part/section of a work Symposium papers ;
Volume number/sequential designation 50.
942 ## - ADDED ENTRY ELEMENTS (KOHA)
Source of classification or shelving scheme
Holdings
Withdrawn status Lost status Source of classification or shelving scheme Damaged status Koha normalized classification for sorting Not for loan Permanent location Current location Date acquired Full call number Barcode Date last seen Price effective from Koha item type
        727_709000000000000_ALO   BMS College of Architecture, Design and Planning BMS College of Architecture, Design and Planning 2020-03-17 727.709 ALO AR-UG1570 2020-03-17 2020-03-17 UG Books
Copyright © 2025, The Librarian, Library and Information Centre, BMSCA D&P, Bengaluru. All Rights Reserved
web counter

Powered by Koha